Tiền tệ, ngân hàng thị trường tài chính

Quyển sách chia làm bốn phần chính. Phần 1 đề cập tất cả các vấn đề liên quan đến tiền, từ những kiến thức đơn giản và cơ bản đến những vấn đề phức tạp nhất. Phần hai đưa ra những kiến thức cơ bản về ngân hàng, phần 3 bàn luận...

Descripció completa

Guardat en:
Dades bibliogràfiques
Autor principal: Lê, Văn Tư
Format: Llibre
Idioma:Undetermined
Publicat: Hà Nội Tài chính 2006
Matèries:
Etiquetes: Afegir etiqueta
Sense etiquetes, Sigues el primer a etiquetar aquest registre!
Thư viện lưu trữ: Trung tâm Học liệu Trường Đại học Cần Thơ
LEADER 01009nam a2200205Ia 4500
001 CTU_123334
008 210402s9999 xx 000 0 und d
020 |c 236000 
082 |a 332.1 
082 |b T550 
100 |a Lê, Văn Tư 
245 0 |a Tiền tệ, ngân hàng thị trường tài chính 
245 0 |c Lê Văn Tư 
260 |a Hà Nội 
260 |b Tài chính 
260 |c 2006 
520 |a Quyển sách chia làm bốn phần chính. Phần 1 đề cập tất cả các vấn đề liên quan đến tiền, từ những kiến thức đơn giản và cơ bản đến những vấn đề phức tạp nhất. Phần hai đưa ra những kiến thức cơ bản về ngân hàng, phần 3 bàn luận những vấn đề liên quan đến tài chính 
650 |a Banks and banking,Finance,Money 
904 |i Tuyến 
980 |a Trung tâm Học liệu Trường Đại học Cần Thơ